La Odisea del Desierto

Tallennettuna:
Bibliografiset tiedot
Päätekijä: Figueroa, Pedro Pablo (Tekijä)
Aineistotyyppi: Kirja
Kieli:espanja
Julkaistu: Santiago Imprenta Victoria, San Isidro Núm. 73 1886
Painos:1a. ed
Aiheet:
Tagit: Lisää tagi
Ei tageja, Lisää ensimmäinen tagi!

MARC

LEADER 00000nam a2200000 a 4500
001 UCJ6305
003 CL-VaPUC
008 070124e18860000CL |||||||||||||||||spa|d
082 0 4 |a 983  |b FIG  |2 21 
100 0 |a Figueroa, Pedro Pablo  |e author  |9 504749 
245 1 3 |a La Odisea del Desierto 
250 |a 1a. ed 
300 |a 39 p 
942 |c BK 
945 |d 20070124 00:00:00  |a rinostro 
260 |a Santiago  |b Imprenta Victoria, San Isidro Núm. 73  |c 1886 
500 |a Empastado junto a otras monografías del mismo autor en un volumen rotulado P. P. Figueroa: Folletos Varios y ubicado en 983 FIG 
650 0 |a Minería  |9 326008 
650 7 |a TIPOS HUMANOS  |2 CL-VaPUC  |9 504574 
650 7 |a MINEROS  |2 CL-VaPUC  |9 318252 
650 7 |a CATEADORES  |2 CL-VaPUC  |9 512780 
651 7 |a CHAÑARCILLO  |2 CL-VaPUC  |9 346083 
583 |a last modification  |c 20070124 00:00:00  |k Rodrigo Vera 
999 |c 322413  |d 322411 
952 |0 0  |1 0  |4 0  |6 983_000000000000000_FIG_1886  |7 0  |8 X  |9 401399  |a FDOBUD  |b FDOBUD  |d 2019-11-22  |i 1046594  |o 983 FIG 1886  |p 1046594  |r 2019-11-22  |w 2019-11-22  |y BK_X  |k BUD